The calculi of lambda-conversion
Αποθηκεύτηκε σε:
| Κύριος συγγραφέας: | |
|---|---|
| Μορφή: | Βιβλίο |
| Γλώσσα: | English |
| Δημοσίευση: |
Princeton :
Princeton University Press,
1951, c1941
|
| Σειρά: | Annals of mathematics studies ;
; 6 |
| Θέματα: | |
| Ετικέτες: |
Προσθήκη ετικέτας
Δεν υπάρχουν, Καταχωρήστε ετικέτα πρώτοι!
|
MARC
| LEADER | 00000nam a2200000 i 4500 | ||
|---|---|---|---|
| 001 | 1/60148 | ||
| 008 | 071024s19411951 eng d | ||
| 020 | |a 0-691-08394-0 | ||
| 035 | |l 10091780 | ||
| 040 | |a GR-MY-UA |b gre |e aacr | ||
| 041 | 0 | |a eng | |
| 082 | 0 | |a 511.3 |2 (22) | |
| 100 | 1 | |a Church, Alonzo |d 1903-1995. | |
| 245 | 1 | 4 | |a The calculi of lambda-conversion / |c by Alonzo Church |
| 260 | |a Princeton : |b Princeton University Press, |c 1951, c1941 | ||
| 300 | |a ii, 82 σ.; |c 23 εκ. | ||
| 490 | 1 | |a Annals of mathematics studies |v ; 6 | |
| 504 | |a Περιλαμβάνει βιβλιογραφικές παραπομπές (σ. 73-82) και ευρετήριο | ||
| 650 | 0 | 0 | |a Logic, Symbolic and mathematical. |
| 650 | 0 | 0 | |a Recursive functions. |
| 830 | 0 | |a Annals of mathematics studies ; |v ; 6 | |
| 852 | |a INST |b SAMOS |e 20071024 |h 511.3 CHU |p 005300028027 |q 005300028027 |t BK |y 0 | ||
| 901 | |a BIBL3-2007-3 | ||
| 909 | |a Σ |b 139671 | ||
| 922 | |a 3ΕΛΗ |b 200710 |c ΕΠΕΑΕΚ2/ΤΜΗΜΑ ΜΑΘΗΜΑΤΙΚΩΝ |d ΠΑΠΑΣΩΤΗΡΙΟΥ | ||
| 970 | |a ΡΟΥΣΣΟΥ |b ΚΩΝΣΤΑΝΤΙΝΑ |z 2007/10/24 | ||